000 00302nam a2200121Ia 4500
003 GCL
008 140319s9999 xx 000 0 eng d
040 _aGCL /
_cGCL
082 0 4 _a512.9
_bS C
245 1 0 _aCOLLEGE ALGEBRA, 3RD ED.
260 _a[S.N] :
_bMACMILLAN PUBBISHING CO ،
_c1993
300 _a694 P
999 _c20784
_d20784